000 00531nam a2200169 a 4500
001 2242
005 20140414131911.0
008 001117s19uu xx 00 eng d
020 _a963-13-0522-0
050 _aER
_bC28
100 _aKormos, Istvan
245 _aCats of Coat n' tail street (The) /
_cIstivan Kormos ; illustrated by Emma Heinzelmann ; translated by Judith Elliot.
260 _aHungary :
_b[s.n.].
300 _a60 p. : ill., col. ; cm.
500 _aOriginal Title: A Pincerfrakk utcai cicak
999 _c111216
_d111216